Empezar de nuevo. (Registro nro. 437149)

Detalles MARC
000 -LÍDER
Campo fijo de descripción fija 01008nam a22002897a 4500
003 - IDENTIFICADOR DEL NÚMERO DE CONTROL
Campo de control BCEG
005 - FECHA Y HORA DE LA ULTIMA TRANSACCIÓN
control field 20260327130750.0
008 - ELEMENTOS DE LONGITUD FIJA -- INFORMACIÓN GENERAL
Campo fijo de descripción fija -- Información general 260327s2025 mx a||||||||||||||| spa d
020 ## - ISBN
Isbn 9786071686992
040 ## - FUENTE DE CATALOGACIÓN
Agencia de catalogación original BCEG
Idioma de catalogación spa
Agencia que realiza la transcripción BCEG
082 04 - NÚMERO DE CLASIFICACIÓN DECIMAL DEWEY
Número de clasificación I823.9
Clave de autor-Numero de item J451e
100 1# - ASIENTO PRINCIPAL--NOMBRE PERSONAL
Nombre del autor personal Jeffers, Oliver,
Fechas asociadas con el nombre 1977-.
245 10 - TÍTULO PROPIAMENTE DICHO
Título Empezar de nuevo.
260 ## - PUBLICACIÓN, DISTRIBUCIÓN, ETC. (PIE DE IMPRENTA)
Lugar de publicación, distribución, etc. Ciudad de México :
Nombre del editor, distribuidor, etc. Fondo de Cultura Económica,
Fecha de publicación, distribución, etc. 2025.
300 ## - DESCRIPCIÓN FÍSICA
Extensión [120] p. :
Otros detalles físicos il.
490 ## - MENCIÓN DE SERIE
Mención de serie Los Especiales de A la Orilla del Viento.
500 ## - NOTA GENERAL
Nota General Con: Ensayo sobre esta obra por el propio autor.
500 ## - NOTA GENERAL
Nota General Cómo llegamos aquí y adónde podríamos ir; nuestra historia humana, hasta ahora --En cubierta.
534 ## - NOTA DE VERSIÓN ORIGINAL
Frase introductoria Título original:
Título original Begin again.
535 ## - NOTA DE UBICACIÓN DE ORIGINALES
Custodio Disponible en la colección infantil de 7-9 años.
541 ## - NOTA DE FUENTE INMEDIATA DE ADQUISICIÓN
Nota de fuente de adquisición Compra.
650 14 - ASIENTO SECUNDARIO DE MATERIA - TERMINO TEMÁTICO
Término temático o nombre geográfico como elemento de entrada Cuentos infantiles estadounidenses.
700 1# - ASIENTO SECUNDARIO - NOMBRE PERSONAL
Nombre personal Rosa, Horacio de la,
Función o responsabilidad del autor dir.
700 1# - ASIENTO SECUNDARIO - NOMBRE PERSONAL
Nombre personal Zarate Figueroa, Dario,
Función o responsabilidad del autor tr.
700 1# - ASIENTO SECUNDARIO - NOMBRE PERSONAL
Nombre personal Figueroa León, Susana,
Función o responsabilidad del autor ed.
942 ## - TIPO DE MATERIAL (KOHA)
Tipo de Item KOHA Libro
Existencias
No para Préstamo Colección Biblioteca de Origen Biblioteca Permanente Fecha de Adquisición Fuente de Adquisicion Total de Préstamos Signatura Topográfica Código de Barras Última vez visto Tipo de Material Ejemplar
Material en Reserva Infantil Biblioteca Central Estatal de Guanajuato, "Wigberto Jiménez Moreno" Biblioteca Central Estatal de Guanajuato, "Wigberto Jiménez Moreno" 27/03/2026 COMPRA-2025   I823.9 J451e BCEG8655231087 27/03/2026 Libro  
  Infantil Biblioteca Central Estatal de Guanajuato, "Wigberto Jiménez Moreno" Biblioteca Central Estatal de Guanajuato, "Wigberto Jiménez Moreno" 27/03/2026 COMPRA-2025   I823.9 J451e BCEG8655231088 27/03/2026 Libro ej. 2
  Infantil Biblioteca Central Estatal de Guanajuato, "Wigberto Jiménez Moreno" Biblioteca Central Estatal de Guanajuato, "Wigberto Jiménez Moreno" 27/03/2026 COMPRA-2025   I823.9 J451e BCEG8655231089 27/03/2026 Libro ej. 3